Holiday Quiz

Random Holiday or Clip Quiz

Patriotic American Songs Quiz Stats

 Plays Quiz Updated Aug 11, 2016

Challenge
Share
Tweet
Score 0/20 Timer 10:00
0 Plays Today
Range Song % Correct
0:44-1:01Yankee Doodle
87.7%
5:55-6:20The Star Spangled Banner
82.1%
2:36-2:54America
80.7%
0:24-0:43You're a Grand Old Flag
69.3%
4:42-4:59America the Beautiful
65.2%
5:38-5:54God Bless America
60.9%
1:19-1:37Hail to the Chief
54.5%
5:00-5:20When the Saints Go Marching In
54.1%
2:13-2:35This Land is Your Land
53.2%
3:48-4:07The Battle Hymn of the Republic
41.4%
Range Song % Correct
1:02-1:18Wild Blue Yonder
39.8%
2:55-3:13When Johnny Comes Marching Home
35.2%
1:56-2:12Marine Corps Hymn
33.4%
3:31-3:47The Stars and Stripes Forever
31.5%
4:25-4:41Anchors Aweigh
28.5%
1:38-1:55Shaker Tune (Simple Gifts)
21.6%
3:14-3:30The Army Goes Rolling Along
20.6%
0:00-0:23Fanfare for the Common Man
16.5%
4:08-4:24Hoe-Down
16.4%
5:21-5:37Semper Paratus
8.5%

You're not logged in!

Compare scores with friends on all Sporcle quizzes.
Join for Free
OR
Log In

You Might Also Like...

Show Comments

Extras

Top Quizzes Today


Score Distribution

Your Account Isn't Verified!

In order to create a playlist on Sporcle, you need to verify the email address you used during registration. Go to your Sporcle Settings to finish the process.

Report this User

Report this user for behavior that violates our Community Guidelines.

Details: